Normal view
MARC view
- التربية والتعليم-فلسفة ونظريات
Entry Topical Term
001 - CONTROL NUMBER
- control field: 42782
003 - CONTROL NUMBER IDENTIFIER
- control field: JO-AjAnu
005 - DATE AND TIME OF LATEST TRANSACTION
- control field: 20230606081109.0
008 - FIXED-LENGTH DATA ELEMENTS
- fixed length control field: 230606|| aca||aabn | a|a d
040 ## - CATALOGING SOURCE
- Original cataloging agency: JO-AjAnu
- Transcribing agency: JO-AjAnu
150 ## - HEADING--TOPICAL TERM
- Topical term or geographic name entry element: التربية والتعليم-فلسفة ونظريات
670 ## - SOURCE DATA FOUND
- Source citation: Work cat.: (JO-AjAnu)21912: ناصر، إبراهيم عبدالله تأليف/طريف، عاطف عمر م.مشارك/الزبون، محمد سليم م.مشارك, author 42781, مدخل إلى التربية